Music Quiz

Random Music or Song Quiz

July, July! Lyrics Quiz Stats

 Plays Quiz not verified by Sporcle

Challenge
Share
Tweet
Score 0/206 Timer 08:00
0 Plays Today
% Correct
a
100%
the
100%
And
100%
the
100%
And
100%
the
100%
And
100%
and
100%
And
100%
a
100%
And
100%
And
100%
and
100%
And
100%
the
100%
the
100%
The
100%
the
100%
a
100%
a
100%
the
100%
the
100%
And
100%
And
100%
the
100%
the
100%
and
100%
And
100%
the
100%
And
100%
and
100%
the
100%
And
100%
a
100%
a
100%
And
100%
the
100%
the
100%
The
100%
the
100%
a
100%
a
100%
is
97.2%
that
97.2%
That
97.2%
my
97.2%
my
97.2%
your
97.2%
he
97.2%
he
97.2%
he
97.2%
It
97.2%
is
97.2%
that
97.2%
my
97.2%
do
97.2%
that
97.2%
my
97.2%
your
97.2%
it
97.2%
There
94.4%
road
94.4%
road
94.4%
goes
94.4%
to
94.4%
house
94.4%
there
94.4%
To
94.4%
to
94.4%
% Correct
house
94.4%
when
94.4%
there
94.4%
all
94.4%
what
94.4%
July
94.4%
July
94.4%
July
94.4%
house
94.4%
road
94.4%
goes
94.4%
to
94.4%
what
94.4%
there
94.4%
all
94.4%
house
94.4%
when
94.4%
When
94.4%
O,
94.4%
what
94.4%
(refrain)
94.4%
I
91.7%
uncle
91.7%
was
91.7%
french
91.7%
canadian
91.7%
was
91.7%
his
91.7%
in
91.7%
his
91.7%
in
91.7%
In
91.7%
we
91.7%
was
91.7%
in
91.7%
was
91.7%
in
91.7%
meets
88.9%
O,
88.9%
how
86.1%
say
86.1%
crooked
86.1%
gin
86.1%
how
86.1%
were
86.1%
how
86.1%
How
86.1%
down
86.1%
down
86.1%
never
86.1%
seemed
86.1%
so
86.1%
how
86.1%
they
86.1%
say
86.1%
down
86.1%
blood
86.1%
down
86.1%
blood
86.1%
running
83.3%
'em
83.3%
'em
83.3%
'em
83.3%
water
83.3%
drain
83.3%
water
83.3%
drain
83.3%
drain
83.3%
This
83.3%
% Correct
remain
83.3%
run
83.3%
chains
83.3%
this
83.3%
be
83.3%
water
83.3%
drain
83.3%
drain
83.3%
red
83.3%
drain
83.3%
held
80.6%
held
80.6%
held
80.6%
rattle
80.6%
chicken
80.6%
I'll
80.6%
grows
77.8%
I'm
77.8%
rolls
77.8%
rolls
77.8%
strange
77.8%
of
77.8%
of
77.8%
chickens
77.8%
rolls
77.8%
rolls
77.8%
path
75%
it's
75%
it's
75%
guts
75%
fingers
75%
old
75%
ancient
75%
fact
75%
green
72.2%
careful
72.2%
careful
72.2%
we'll
72.2%
are
72.2%
though
72.2%
might
72.2%
gray
72.2%
beat
69.4%
gut-shot
69.4%
lonely
69.4%
lonely
69.4%
remember
69.4%
specifics
69.4%
vague
69.4%
bluish
69.4%
lonely
69.4%
we've
66.7%
got
66.7%
ghosts
66.7%
magenta
66.7%
special
63.9%
suspended
63.9%
thing
63.9%
story
63.9%
light
63.9%
nappy
63.9%
thing
63.9%
boots
61.1%
length
61.1%
breadth
61.1%
camisole
61.1%
sprightly
55.6%
troughs
38.9%

You're not logged in!

Compare scores with friends on all Sporcle quizzes.
Join for Free
OR
Log In

You Might Also Like...

Show Comments

Extras

Top Quizzes Today


Score Distribution

Your Account Isn't Verified!

In order to create a playlist on Sporcle, you need to verify the email address you used during registration. Go to your Sporcle Settings to finish the process.

Report this User

Report this user for behavior that violates our Community Guidelines.

Details: